[Event "12. Kadetski festival ŠS Srbije - M 16"]
[Site "Hotel Novi Sad - Novi Sad"]
[Date "2018.04.05"]
[Round "5.1"]
[White "Grcic, Vukasin"]
[Black "Milosevic, Milos"]
[Result "0-1"]
[WhiteElo "2098"]
[BlackElo "2311"]
[PlyCount "50"]
[EventDate "2018.04.02"]

1. d4 Nf6 2. Nf3 e6 3. e3 b6 4. Bd3 Bb7 5. Nbd2 c5 6. O-O Be7 7. b3 cxd4 8.
Nxd4 O-O 9. Bb2 Na6 10. c4 Nc5 11. Bc2 d5 12. Rc1 Re8 13. N4f3 a5 14. Bb1 a4
15. Qc2 axb3 16. axb3 Nfe4 17. Nxe4 dxe4 18. Rcd1 Qc8 19. Nd4 Nd3 20. Bc3 e5
21. Ne2 Qg4 22. Nc1 Bc5 23. Qd2 Nf4 24. Bxe4 Bxe4 25. f3 Bxe3+ 0-1

[Event "12. Kadetski festival ŠS Srbije - M 16"]
[Site "Hotel Novi Sad - Novi Sad"]
[Date "2018.04.05"]
[Round "5.2"]
[White "Ivic, Velimir"]
[Black "Kujundzic, Vid"]
[Result "1-0"]
[WhiteElo "2406"]
[BlackElo "1781"]
[PlyCount "51"]
[EventDate "2018.04.02"]

1. e4 c5 2. Nc3 a6 3. a4 Nc6 4. f4 e6 5. Nf3 d5 6. d3 Nge7 7. g3 g6 8. Bg2 Bg7
9. O-O O-O 10. e5 Qc7 11. Ne2 Bd7 12. c3 h6 13. Be3 b6 14. g4 f5 15. exf6 Bxf6
16. d4 c4 17. Qc2 Kh7 18. Ng3 Qd8 19. h4 Bg7 20. Rae1 Qc7 21. h5 Be8 22. Nh4
Nd8 23. hxg6+ Nxg6 24. Nh5 Qe7 25. Nxg6 Bxg6 26. f5 1-0

[Event "12. Kadetski festival ŠS Srbije - M 16"]
[Site "Hotel Novi Sad - Novi Sad"]
[Date "2018.04.05"]
[Round "5.3"]
[White "Omorjan, Dejan"]
[Black "Radisavljevic, Dalibor"]
[Result "1-0"]
[WhiteElo "2230"]
[BlackElo "1911"]
[PlyCount "141"]
[EventDate "2018.04.02"]

1. d4 c5 2. d5 Nf6 3. c4 g6 4. Nc3 d6 5. e4 Bg7 6. Be2 O-O 7. Nf3 e6 8. O-O
exd5 9. cxd5 Re8 10. Qc2 Na6 11. a3 Nc7 12. a4 Na6 13. Nd2 Nb4 14. Qb3 a6 15.
h3 Nd7 16. Rd1 Rb8 17. Nf1 Qh4 18. Be3 Nf8 19. Nd2 f5 20. Nf3 Qe7 21. Bg5 Bf6
22. Bxf6 Qxf6 23. e5 dxe5 24. a5 Bd7 25. Nd2 Kg7 26. Nc4 e4 27. Nb6 f4 28. Qc4
Nc2 29. Nxe4 Qe5 30. Qxc2 Qxe4 31. Qc3+ Qe5 32. Bf3 Qxc3 33. bxc3 Bf5 34. Re1
Nd7 35. Nc4 Rxe1+ 36. Rxe1 b5 37. Nd6 Kf8 38. Nxf5 gxf5 39. d6 b4 40. cxb4 cxb4
41. Bc6 Rd8 42. Rb1 Ne5 43. Bb7 Nc4 44. Rxb4 Nxa5 45. Bf3 Rxd6 46. Rxf4 Ke7 47.
Rxf5 Nb3 48. Bh5 Rf6 49. Rd5 Rd6 50. Rf5 Rf6 51. Re5+ Re6 52. Rg5 Kd6 53. Rg7
h6 54. Ra7 Kc5 55. Bf7 Re1+ 56. Kh2 Nd2 57. g3 Ra1 58. g4 Ne4 59. Kg2 Ra3 60.
Bg6 Ng5 61. h4 Nf3 62. h5 Nh4+ 63. Kf1 Ra4 64. g5 hxg5 65. Bc2 Ra1+ 66. Ke2 Ng2
67. h6 Rh1 68. h7 Nf4+ 69. Kf3 Nd5 70. Ra8 g4+ 71. Kg2 1-0

[Event "12. Kadetski festival ŠS Srbije - M 16"]
[Site "Hotel Novi Sad - Novi Sad"]
[Date "2018.04.05"]
[Round "5.4"]
[White "Skenderovic, Nikola"]
[Black "Stankovic, Milos M"]
[Result "1/2-1/2"]
[WhiteElo "1995"]
[BlackElo "2168"]
[PlyCount "94"]
[EventDate "2018.04.02"]

1. e4 g6 2. d4 Bg7 3. Nc3 d5 4. exd5 Nf6 5. Bb5+ Nbd7 6. a4 a6 7. Bc4 Nb6 8.
Qe2 Bg4 9. f3 Bf5 10. Bg5 Bxc2 11. g4 h6 12. Bxf6 Bxf6 13. a5 Nxc4 14. Qxc4 g5
15. Rc1 Bg6 16. Nge2 O-O 17. Ng3 b5 18. Qc5 c6 19. Nge4 cxd5 20. Nxf6+ exf6 21.
Nxd5 Qxa5+ 22. b4 Qd8 23. Ne7+ Kg7 24. O-O Re8 25. Rfe1 Qd7 26. d5 a5 27. bxa5
Rxa5 28. Qc7 Ra7 29. Qxd7 Rxd7 30. Nf5+ Kf8 31. Rxe8+ Kxe8 32. Rc8+ Rd8 33.
Nd6+ Ke7 34. Rxd8 Kxd8 35. Nxb5 Kd7 36. Kf2 f5 37. Ke3 f4+ 38. Kd4 f5 39. gxf5
Bxf5 40. Ke5 Bd3 41. Nd4 Bc4 42. Nf5 g4 43. fxg4 f3 44. h4 f2 45. Ne3 f1=Q 46.
Nxf1 Bxf1 47. h5 Be2 1/2-1/2

[Event "12. Kadetski festival ŠS Srbije - M 16"]
[Site "Hotel Novi Sad - Novi Sad"]
[Date "2018.04.05"]
[Round "5.5"]
[White "Rutesic, Vuk"]
[Black "Djokic, Mihailo"]
[Result "0-1"]
[WhiteElo "2046"]
[BlackElo "2085"]
[PlyCount "64"]
[EventDate "2018.04.02"]

1. d4 Nf6 2. Bf4 g6 3. Nc3 d5 4. e3 Bg7 5. h4 h5 6. Nf3 Bf5 7. Bd3 c6 8. Bxf5
gxf5 9. Ne5 Nbd7 10. f3 Qb6 11. Rb1 Nxe5 12. Bxe5 Rg8 13. Qd3 e6 14. Kf2 Nd7
15. Bf4 c5 16. dxc5 Nxc5 17. Qb5+ Qxb5 18. Nxb5 Kd7 19. Rhd1 Kc6 20. Nd4+ Kb6
21. Bd6 Nd7 22. Rd3 a6 23. Rb3+ Ka7 24. a4 f4 25. Ne2 fxe3+ 26. Kxe3 Rac8 27.
c3 Rc4 28. Rb4 Nb6 29. b3 Rc6 30. Bf4 d4+ 31. Rxd4 e5 32. Bxe5 Bxe5 0-1

[Event "12. Kadetski festival ŠS Srbije - M 16"]
[Site "Hotel Novi Sad - Novi Sad"]
[Date "2018.04.05"]
[Round "5.6"]
[White "Loncarski, Stefan"]
[Black "Engi, Igor"]
[Result "1/2-1/2"]
[WhiteElo "1816"]
[BlackElo "1684"]
[PlyCount "76"]
[EventDate "2018.04.02"]

1. e4 c5 2. Nc3 g6 3. g3 Bg7 4. Bg2 Nc6 5. d3 d6 6. Be3 e6 7. Qd2 Rb8 8. Nge2
b5 9. d4 c4 10. e5 d5 11. h3 Bd7 12. O-O b4 13. Nd1 a5 14. f4 Nge7 15. g4 O-O
16. Ng3 Qb6 17. c3 f5 18. g5 Kf7 19. h4 Rh8 20. h5 b3 21. a3 a4 22. Bf3 Rbg8
23. Bf2 Ke8 24. Ne3 Kd8 25. h6 Bf8 26. Be2 Na5 27. Rfd1 Kc7 28. Nxc4 Nxc4 29.
Bxc4 dxc4 30. d5 Qb5 31. d6+ Kc8 32. dxe7 Bxe7 33. Ne2 Rd8 34. Qe3 Qb7 35. Rd2
Bc6 36. Rad1 Rxd2 37. Rxd2 Bd5 38. Qg3 Rd8 1/2-1/2

[Event "12. Kadetski festival ŠS Srbije - M 16"]
[Site "Hotel Novi Sad - Novi Sad"]
[Date "2018.04.05"]
[Round "5.7"]
[White "Nikolic, Matija"]
[Black "Marceta, Dimitrije"]
[Result "0-1"]
[WhiteElo "1607"]
[BlackElo "1560"]
[PlyCount "90"]
[EventDate "2018.04.02"]

1. d4 Nf6 2. c4 g6 3. Nc3 Bg7 4. e4 d6 5. f4 O-O 6. Nf3 e5 7. fxe5 dxe5 8. d5
a5 9. Bd3 Na6 10. O-O Qd6 11. Qe2 Nc5 12. Bc2 Bd7 13. a4 Qb6 14. Kh1 Rfe8 15.
Rb1 h6 16. Be3 Ng4 17. Bg1 f5 18. h3 Nf6 19. exf5 Nh5 20. Bf2 Bxf5 21. Bxf5
gxf5 22. Nh4 Nf4 23. Qe3 Bf8 24. Nxf5 Qf6 25. Qg3+ Kh7 26. Nh4 Ncd3 27. Be3 Be7
28. Nf3 Rg8 29. Qh2 Rxg2 30. Qxg2 Nxg2 31. Kxg2 Rg8+ 32. Kh2 Qf5 33. Nd2 Qh5
34. Nde4 Nf4 35. Bxf4 exf4 36. Rxf4 Qe5 37. Rbf1 Bg5 38. Ne2 Bxf4+ 39. Rxf4
Qxb2 40. N4c3 Qc2 41. Rf2 Re8 42. Kg1 Rxe2 43. Nxe2 Qxc4 44. Rf7+ Kg8 45. Re7
Qc5+ 0-1

[Event "12. Kadetski festival ŠS Srbije - M 16"]
[Site "Hotel Novi Sad - Novi Sad"]
[Date "2018.04.05"]
[Round "5.8"]
[White "Trifunovic, Novica"]
[Black "Kovacevic, Matija D"]
[Result "1-0"]
[WhiteElo "1850"]
[BlackElo "1555"]
[PlyCount "57"]
[EventDate "2018.04.02"]

1. d4 f5 2. Nf3 Nf6 3. c4 e6 4. Nc3 Be7 5. g3 O-O 6. Bg2 d5 7. O-O c6 8. Qb3
Nbd7 9. Rd1 Kh8 10. Bg5 h6 11. Bf4 b6 12. Rac1 Bb7 13. cxd5 exd5 14. Nh4 Qe8
15. Nxf5 Nh5 16. Nd6 Bxd6 17. Bxd6 Rf6 18. Ba3 Qf7 19. f3 g5 20. e4 Rg8 21.
exd5 cxd5 22. Nb5 Rgg6 23. Rc7 Bc6 24. Nxa7 Ng7 25. Rc1 Nf5 26. Nxc6 Rxc6 27.
R7xc6 Nxd4 28. Rc8+ Kh7 29. Qd3 1-0

[Event "12. Kadetski festival ŠS Srbije - M 14"]
[Site "Hotel Novi Sad - Novi Sad"]
[Date "2018.04.05"]
[Round "5.1"]
[White "Mijatovic, Dusan"]
[Black "Tadic, Stefan"]
[Result "1/2-1/2"]
[WhiteElo "2031"]
[BlackElo "2211"]
[PlyCount "64"]
[EventDate "2018.04.02"]

1. e4 c5 2. Nf3 Nf6 3. d3 Nc6 4. g3 d5 5. e5 Ng4 6. Qe2 d4 7. h3 Nh6 8. Bg2 e6
9. O-O Nf5 10. Nbd2 Qc7 11. Ne4 Be7 12. Bf4 O-O 13. g4 Nh4 14. Nxh4 Bxh4 15. g5
f6 16. gxf6 Bxf6 17. Nxf6+ gxf6 18. Qg4+ Qg7 19. Qxg7+ Kxg7 20. Bxc6 bxc6 21.
exf6+ Kxf6 22. Rae1 Ke7 23. Be5 Bd7 24. f4 Rf5 25. Kh2 Be8 26. Rg1 Bg6 27. Rg5
Raf8 28. Reg1 Rxg5 29. Rxg5 Rf5 30. Rg3 Rf8 31. Rg5 Rf5 32. Rg1 Rf8 1/2-1/2

[Event "12. Kadetski festival ŠS Srbije - M 14"]
[Site "Hotel Novi Sad - Novi Sad"]
[Date "2018.04.05"]
[Round "5.2"]
[White "Budisavljevic, Luka"]
[Black "Pavlovic, Andrija"]
[Result "1-0"]
[WhiteElo "2302"]
[BlackElo "1657"]
[PlyCount "80"]
[EventDate "2018.04.02"]

1. d4 e6 2. Nf3 c5 3. e3 Nf6 4. Bd3 Be7 5. O-O O-O 6. c4 d5 7. a3 Nc6 8. dxc5
dxc4 9. Bxc4 a5 10. b3 Qxd1 11. Rxd1 Bxc5 12. Bb2 Be7 13. Nc3 Nd7 14. Na4 Nc5
15. Nb6 Rb8 16. b4 Na4 17. Nxa4 b5 18. Ne5 Nxe5 19. Bxe5 Rb7 20. bxa5 bxc4 21.
Nb6 f6 22. Bd6 Bxd6 23. Rxd6 Rc7 24. Rc1 Ba6 25. Rxe6 Rd8 26. Na4 Bc8 27. Re4
c3 28. Rd4 Rxd4 29. exd4 c2 30. Nc5 Bf5 31. g4 Bg6 32. f4 Re7 33. f5 Bf7 34.
Kf2 Re8 35. Rxc2 Rb8 36. Nd7 Ra8 37. Nb6 Rd8 38. a6 Bb3 39. Rc3 Rxd4 40. a7
Rd2+ 1-0

[Event "12. Kadetski festival ŠS Srbije - M 14"]
[Site "Hotel Novi Sad - Novi Sad"]
[Date "2018.04.05"]
[Round "5.3"]
[White "Petrovic, Aleksa"]
[Black "Parkajic, Branislav"]
[Result "1-0"]
[WhiteElo "1795"]
[BlackElo "1793"]
[PlyCount "171"]
[EventDate "2018.04.02"]

1. e4 e5 2. Nf3 Nc6 3. Bb5 Nf6 4. Nc3 Bb4 5. d3 d6 6. Bxc6+ bxc6 7. Bd2 O-O 8.
Ne2 Bxd2+ 9. Qxd2 Re8 10. h3 d5 11. Nc3 Rb8 12. b3 Qd6 13. O-O Be6 14. Rfe1 d4
15. Ne2 Nd7 16. g4 f6 17. Nh2 g5 18. Kg2 Nf8 19. Ng3 Qb4 20. Qe2 Ng6 21. Nh5
Qe7 22. Kg1 Rf8 23. Qd2 h6 24. c3 c5 25. cxd4 cxd4 26. Qa5 c5 27. Rec1 Rfc8 28.
Rc2 Rc7 29. Rac1 Rbc8 30. Nf1 Kf7 31. Nd2 Nf8 32. Ng3 Qd6 33. Nf5 Bxf5 34. exf5
Qb6 35. Qxb6 axb6 36. b4 Ke7 37. Ne4 Nd7 38. a4 Ra7 39. Kf1 Rxa4 40. bxc5 bxc5
41. Nxc5 Rxc5 42. Rxc5 Nxc5 43. Rxc5 Ra7 44. Ke2 Kd6 45. Rb5 Ke7 46. Kf3 Rc7
47. Ke4 Rd7 48. Rb8 Kf7 49. Rh8 Kg7 50. Rc8 Kf7 51. Rc5 Ke7 52. Rd5 Rc7 53. Rb5
Rd7 54. Rb1 Kf7 55. Rb8 Kg7 56. Ra8 Kf7 57. Rc8 Kg7 58. Rc5 Kf7 59. Rd5 Ra7 60.
Rd8 Rb7 61. Kd5 Ra7 62. Rc8 Ra5+ 63. Rc5 Ra7 64. f3 Ra3 65. Rc7+ Kg8 66. Ke6
Ra6+ 67. Ke7 Kg7 68. Kd7 Kf7 69. Rb7 Ra3 70. Kd6+ Kg8 71. Ke7 Ra6 72. Rd7 Kg7
73. Rd6 Ra7+ 74. Ke8 Rf7 75. Rd7 Rxd7 76. Kxd7 Kf7 77. Kd6 Kf8 78. Ke6 Kg7 79.
Ke7 e4 80. fxe4 Kg8 81. e5 fxe5 82. f6 e4 83. f7+ Kh7 84. f8=Q e3 85. Kf7 e2
86. Qg8# 1-0

[Event "12. Kadetski festival ŠS Srbije - M 14"]
[Site "Hotel Novi Sad - Novi Sad"]
[Date "2018.04.05"]
[Round "5.4"]
[White "Ristic, Ilija"]
[Black "Pajcin, Lav"]
[Result "1/2-1/2"]
[WhiteElo "1548"]
[BlackElo "2032"]
[PlyCount "74"]
[EventDate "2018.04.02"]

1. d4 Nf6 2. Bf4 d6 3. e3 c6 4. c3 Nbd7 5. Nd2 e5 6. Bg3 Be7 7. Bd3 O-O 8. Ngf3
exd4 9. exd4 Re8 10. O-O Nh5 11. Qc2 Nf8 12. Rfe1 Nxg3 13. hxg3 Ng6 14. Re2 Bg4
15. Rae1 Qd7 16. Nc4 Bf8 17. Ne3 Bxf3 18. gxf3 d5 19. f4 Bd6 20. f5 Nf8 21. f4
f6 22. a3 Re7 23. Rf1 Rae8 24. Rf3 Qc7 25. Qd2 b6 26. Ref2 Nd7 27. Ng2 c5 28.
g4 c4 29. Bc2 b5 30. Nh4 Re1+ 31. Kg2 Nf8 32. Bd1 Qe7 33. Kh2 Re3 34. Ng2 Rxf3
35. Bxf3 Qf7 36. Re2 Rd8 37. Kg1 a5 1/2-1/2

[Event "12. Kadetski festival ŠS Srbije - M 14"]
[Site "Hotel Novi Sad - Novi Sad"]
[Date "2018.04.05"]
[Round "5.5"]
[White "Ivanovic, Marko"]
[Black "Radojicic, Aleksandar M"]
[Result "1-0"]
[WhiteElo "2202"]
[BlackElo "1873"]
[PlyCount "81"]
[EventDate "2018.04.02"]

1. e4 c5 2. Nf3 a6 3. Be2 e6 4. O-O b5 5. a4 Bb7 6. axb5 Bxe4 7. Nc3 axb5 8.
Rxa8 Bxa8 9. Nxb5 Na6 10. d4 Qb8 11. d5 Bxd5 12. c4 Bc6 13. Qa4 Nb4 14. g3 d6
15. Qa5 Qd8 16. Qa7 Qd7 17. Qb8+ Qd8 18. Qxd8+ Kxd8 19. Rd1 Bxb5 20. cxb5 Kc7
21. Bd2 Nd5 22. Bc4 Kb7 23. b4 h6 24. bxc5 dxc5 25. Ne5 Ngf6 26. Nxf7 Rg8 27.
Nd8+ Kb6 28. Nxe6 Be7 29. Ra1 Kb7 30. h4 Nb6 31. Be2 Nfd5 32. Bf3 c4 33. Be3
Kc8 34. Bxd5 Nxd5 35. Ra8+ Kd7 36. Rxg8 Kxe6 37. b6 Kd7 38. b7 Bd6 39. b8=Q
Bxb8 40. Rxb8 Nxe3 41. fxe3 1-0

[Event "12. Kadetski festival ŠS Srbije - M 14"]
[Site "Hotel Novi Sad - Novi Sad"]
[Date "2018.04.05"]
[Round "5.7"]
[White "Muskinja, Luka"]
[Black "Pandurovic, Nikola"]
[Result "0-1"]
[WhiteElo "1653"]
[BlackElo "1624"]
[PlyCount "76"]
[EventDate "2018.04.02"]

1. Nf3 Nf6 2. b3 g6 3. Bb2 Bg7 4. e3 O-O 5. Be2 d6 6. d4 e5 7. O-O Nbd7 8. c4
Qe7 9. Nc3 exd4 10. exd4 c5 11. Re1 cxd4 12. Nxd4 Ne5 13. Ndb5 Rd8 14. Ba3 Ne8
15. f4 a6 16. fxe5 axb5 17. Nxb5 Bxe5 18. Bf3 Qh4 19. g3 Qf6 20. Rc1 Rxa3 21.
Nxa3 Bb2 22. Rc2 Bxa3 23. Rce2 Bc5+ 24. Kg2 Nc7 25. Rf1 Qg5 26. h4 Qf5 27. g4
Qd7 28. Qd2 d5 29. Qg5 Ne6 30. Qh6 Nd4 31. Qg5 Nxe2 32. Bxe2 Qe7 33. Qxe7 Bxe7
34. cxd5 Rxd5 35. Bc4 Rd2+ 36. Kh3 Be6 37. Bxe6 fxe6 38. a4 Rd3+ 0-1

[Event "12. Kadetski festival ŠS Srbije - M 14"]
[Site "Hotel Novi Sad - Novi Sad"]
[Date "2018.04.05"]
[Round "5.9"]
[White "Medic, Relja"]
[Black "Gagic, Milan A"]
[Result "0-1"]
[WhiteElo "1247"]
[BlackElo "1523"]
[PlyCount "146"]
[EventDate "2018.04.02"]

1. d4 d5 2. c4 e6 3. Nc3 Nf6 4. Nf3 c6 5. Bf4 Bd6 6. Bxd6 Qxd6 7. e3 Nbd7 8.
cxd5 exd5 9. Qc2 O-O 10. Bd3 Re8 11. Rc1 Nf8 12. h3 Ng6 13. O-O Bd7 14. Ne2 Re7
15. Ng3 Rae8 16. Rfe1 Ne4 17. Bxe4 dxe4 18. Nd2 Qd5 19. a3 Nh4 20. Qc5 Qxc5 21.
Rxc5 g6 22. Ndxe4 Rxe4 23. Nxe4 Rxe4 24. Rec1 Nf5 25. Rd1 Ne7 26. Re5 Rxe5 27.
dxe5 Nd5 28. e4 Nb6 29. a4 a5 30. b4 Be8 31. bxa5 Nxa4 32. f3 Kf8 33. Kf2 Ke7
34. Ke3 c5 35. Rb1 Bc6 36. Rb3 Ke6 37. f4 c4 38. Rb4 c3 39. Rc4 Nb2 40. Rxc6+
bxc6 41. a6 Nc4+ 42. Kd3 c2 43. Kxc2 Kd7 44. Kc3 Nb6 45. Kb4 Kc7 46. Kc5 Nd7+
47. Kd4 Kb6 48. a7 Kxa7 49. f5 gxf5 50. exf5 Kb6 51. e6 fxe6 52. fxe6 Nf6 53.
g4 c5+ 54. Kc4 Kc6 55. e7 Kd6 56. g5 Ne8 57. h4 Kxe7 58. Kxc5 Kf7 59. h5 Ke6
60. Kc6 Kf5 61. g6 h6 62. Kd7 Ng7 63. Ke7 Nxh5 64. Kf7 Nf6 65. Kg7 h5 66. Kh6
h4 67. g7 h3 68. g8=B Nxg8+ 69. Kh7 h2 70. Kxg8 h1=Q 71. Kf7 Qh7+ 72. Ke8 Ke6
73. Kd8 Qd7# 0-1

[Event "12. Kadetski festival ŠS Srbije - M 14"]
[Site "Hotel Novi Sad - Novi Sad"]
[Date "2018.04.05"]
[Round "5.10"]
[White "Markovic, Milos"]
[Black "Popovic, Vojin"]
[Result "0-1"]
[WhiteElo "1675"]
[BlackElo "1476"]
[PlyCount "84"]
[EventDate "2018.04.02"]

1. e4 d5 2. exd5 Qxd5 3. Nf3 Bg4 4. Be2 Nc6 5. d4 O-O-O 6. c4 Qd7 7. d5 Bxf3 8.
Bxf3 Ne5 9. Be2 e6 10. Bf4 Ng6 11. Be3 exd5 12. O-O Kb8 13. Qb3 dxc4 14. Bxc4
Ne5 15. Be2 Bd6 16. h3 h5 17. Nc3 c6 18. Rad1 Qc7 19. Ne4 Nh6 20. Rd2 Nf5 21.
Bf4 f6 22. Qe6 Qc8 23. Qxc8+ Kxc8 24. g4 hxg4 25. hxg4 g5 26. Bh2 Nf3+ 27. Bxf3
Bxh2+ 28. Kg2 Nh4+ 29. Kh1 Nxf3 30. Rxd8+ Kxd8 31. Rd1+ Ke7 32. Kg2 Ne5 33. Ng3
Nxg4 34. Re1+ Kd7 35. Rh1 Re8 36. Kf3 Ne5+ 37. Kg2 Bxg3 38. Rh7+ Re7 39. Rxe7+
Kxe7 40. Kxg3 Ke6 41. b3 Nd3 42. a4 Nc5 0-1

[Event "12. Kadetski festival ŠS Srbije - M 12"]
[Site "Hotel Novi Sad - Novi Sad"]
[Date "2018.04.05"]
[Round "5.1"]
[White "Savic, Aleksandar Z"]
[Black "Ciric, Pavle"]
[Result "1/2-1/2"]
[WhiteElo "1821"]
[BlackElo "1747"]
[PlyCount "55"]
[EventDate "2018.04.02"]

1. e4 g6 2. d4 Bg7 3. Nf3 c6 4. c3 d5 5. exd5 cxd5 6. Bd3 e6 7. Bf4 Nc6 8. O-O
Nge7 9. Nbd2 O-O 10. Re1 Bd7 11. Nf1 Rc8 12. Ng3 Na5 13. Qc1 b5 14. Bh6 b4 15.
Bxg7 Kxg7 16. Qg5 Ng8 17. Qxd8 Rfxd8 18. cxb4 Nc4 19. Re2 Rc7 20. Rc2 Rcc8 21.
Rac1 Nxb2 22. Ba6 Rxc2 23. Rxc2 Nc4 24. Bxc4 dxc4 25. Rxc4 Bb5 26. Rc5 a6 27.
Ne4 Be2 28. Ned2 1/2-1/2

[Event "12. Kadetski festival ŠS Srbije - M 12"]
[Site "Hotel Novi Sad - Novi Sad"]
[Date "2018.04.05"]
[Round "5.2"]
[White "Koscal, Arsenije"]
[Black "Ristic, Luka"]
[Result "0-1"]
[WhiteElo "1772"]
[BlackElo "1801"]
[PlyCount "98"]
[EventDate "2018.04.02"]

1. d4 c5 2. Bf4 cxd4 3. Qxd4 Nc6 4. Qd2 g6 5. e4 Bg7 6. Nc3 d6 7. Nf3 Nf6 8.
Bc4 a6 9. e5 dxe5 10. Qxd8+ Nxd8 11. Bxe5 Nc6 12. Bf4 Bg4 13. O-O-O O-O 14. h3
Bxf3 15. gxf3 Nh5 16. Be3 Ne5 17. Bd5 Rab8 18. Ba7 Rbc8 19. Be3 Nc6 20. Na4 e6
21. Bb3 Na5 22. Nb6 Nxb3+ 23. axb3 Rcd8 24. c3 Nf6 25. Bd4 Rfe8 26. Rhe1 Bh6+
27. Be3 Bxe3+ 28. fxe3 Kf8 29. e4 Ke7 30. b4 Rxd1+ 31. Rxd1 Rd8 32. Rxd8 Kxd8
33. Kd2 Nd7 34. Nxd7 Kxd7 35. c4 e5 36. Kd3 Kd6 37. Ke3 Ke6 38. Kf2 Kf6 39. Kg2
h5 40. Kg3 g5 41. Kf2 Kg6 42. Kg2 f5 43. exf5+ Kxf5 44. Kf2 Kf4 45. Kg2 e4 46.
fxe4 Kxe4 47. Kg3 Ke3 48. Kg2 h4 49. b3 Ke2 0-1

[Event "12. Kadetski festival ŠS Srbije - M 12"]
[Site "Hotel Novi Sad - Novi Sad"]
[Date "2018.04.05"]
[Round "5.3"]
[White "Petkovic, Jovan"]
[Black "Slavkovic, Uros"]
[Result "0-1"]
[WhiteElo "1687"]
[BlackElo "1692"]
[PlyCount "68"]
[EventDate "2018.04.02"]

1. b4 Nf6 2. Bb2 g6 3. d3 Bg7 4. Nd2 O-O 5. g3 d5 6. Bg2 c6 7. Ngf3 Nbd7 8. O-O
Re8 9. d4 Qc7 10. e3 e5 11. Nb3 e4 12. Nfd2 h5 13. a4 Nf8 14. c4 h4 15. Re1
hxg3 16. hxg3 Ng4 17. c5 Qe7 18. Qe2 Qg5 19. Nf1 Qh5 20. f3 exf3 21. Bxf3 Nh7
22. Nbd2 Ng5 23. Qh2 Nxh2 24. Bxh5 Nxf1 25. Nxf1 gxh5 26. Kf2 Ne4+ 27. Kg2 Bg4
28. Ra3 Bh6 29. Rea1 Nf6 30. b5 Re7 31. Bc1 Rae8 32. Rb1 Be2 33. Rab3 Ng4 34.
e4 Bxf1+ 0-1

[Event "12. Kadetski festival ŠS Srbije - M 12"]
[Site "Hotel Novi Sad - Novi Sad"]
[Date "2018.04.05"]
[Round "5.4"]
[White "Stankovic, Boris"]
[Black "Koscal, Lazar"]
[Result "0-1"]
[WhiteElo "1693"]
[BlackElo "1647"]
[PlyCount "80"]
[EventDate "2018.04.02"]

1. e4 c6 2. d4 d5 3. Nc3 dxe4 4. Nxe4 Bf5 5. Ng3 Bg6 6. Nf3 Nd7 7. Bd3 Ngf6 8.
Bg5 Qc7 9. Bxg6 hxg6 10. Qd2 e6 11. Bf4 Bd6 12. Bxd6 Qxd6 13. O-O-O O-O-O 14.
Qa5 Kb8 15. Ne5 Rdf8 16. Rd3 Qc7 17. Nxd7+ Nxd7 18. Qxc7+ Kxc7 19. h3 Nf6 20.
c4 Rd8 21. Rhd1 Rd7 22. Kc2 Rhd8 23. Kc3 b6 24. f3 c5 25. dxc5 Rxd3+ 26. Rxd3
Rxd3+ 27. Kxd3 bxc5 28. Ne4 Nxe4 29. fxe4 Kd6 30. a3 a5 31. g4 f5 32. exf5 exf5
33. a4 Ke5 34. Ke3 f4+ 35. Kf3 g5 36. b3 Kd4 37. h4 gxh4 38. Kxf4 g5+ 39. Kf3
Kc3 40. b4 Kxb4 0-1

[Event "12. Kadetski festival ŠS Srbije - M 12"]
[Site "Hotel Novi Sad - Novi Sad"]
[Date "2018.04.05"]
[Round "5.5"]
[White "Stevanovic, Jovan"]
[Black "Momcilovic, Mihailo"]
[Result "1-0"]
[WhiteElo "1639"]
[BlackElo "1538"]
[PlyCount "123"]
[EventDate "2018.04.02"]

1. Nf3 d5 2. c4 e6 3. g3 dxc4 4. Qa4+ Bd7 5. Qxc4 c5 6. Bg2 Bc6 7. a4 Nd7 8.
Qc2 Ngf6 9. Nc3 Be7 10. O-O O-O 11. d3 Rc8 12. Rd1 Nd5 13. Nxd5 Bxd5 14. Nd2
Bxg2 15. Kxg2 Nf6 16. Nc4 Nd5 17. Bd2 Bf6 18. Bc3 Nxc3 19. bxc3 Qc7 20. Rab1
Rb8 21. Rb5 b6 22. Rdb1 Bd8 23. a5 Qc6+ 24. Kg1 a6 25. R5b2 b5 26. Ra2 Bc7 27.
Ne3 h6 28. c4 b4 29. Qa4 Qxa4 30. Rxa4 Bd6 31. Nf1 Rb7 32. Nd2 Rfb8 33. Nb3 e5
34. Kg2 f6 35. Kf3 Kf7 36. h4 g5 37. Kg4 gxh4 38. Kxh4 Kg6 39. Kg4 f5+ 40. Kf3
Rh8 41. Rh1 h5 42. Raa1 Rbh7 43. Rag1 Kf6 44. Rh4 Ke6 45. Rgh1 Be7 46. R4h3 Kd6
47. e4 fxe4+ 48. Kxe4 Ke6 49. Nd2 Bf6 50. Nf3 b3 51. Rb1 Rb7 52. Rb2 Rb4 53.
Rh1 Rhb8 54. Rhb1 Bd8 55. Ra1 Bc7 56. Ra3 Kf6 57. Nd2 Ke6 58. Raxb3 Bxa5 59.
Ra2 Rxb3 60. Nxb3 Rxb3 61. Rxa5 Rb6 62. Rxc5 1-0

[Event "12. Kadetski festival ŠS Srbije - Z 16"]
[Site "Hotel Novi Sad - Novi Sad"]
[Date "2018.04.05"]
[Round "5.1"]
[White "Trajkovic, Nada"]
[Black "Nestorovic, Katarina"]
[Result "0-1"]
[WhiteElo "1665"]
[BlackElo "2030"]
[PlyCount "74"]
[EventDate "2018.04.02"]

1. e4 c5 2. d4 cxd4 3. c3 Nf6 4. e5 Nd5 5. cxd4 e6 6. Nf3 b6 7. Nc3 Nxc3 8.
bxc3 Qc7 9. Bd2 Bb7 10. Bd3 d6 11. O-O Nd7 12. exd6 Bxd6 13. h3 O-O 14. Rc1 Nf6
15. c4 Rac8 16. Bg5 Bf4 17. Bxf6 gxf6 18. Rc2 Kh8 19. Nh4 Rg8 20. Qh5 Rg7 21.
d5 Qc5 22. Qf3 Bg5 23. Qh5 Qd4 24. Nf5 Qxd3 25. Nxg7 Kxg7 26. Re2 Qxc4 27. dxe6
fxe6 28. Rd1 Bd5 29. Rde1 Qa4 30. Rb2 Bxa2 31. h4 Rc1 32. Qe2 Rxe1+ 33. Qxe1
Bh6 34. Qc3 Qd1+ 35. Kh2 Bf4+ 36. g3 Bd5 37. f3 Be5 0-1

[Event "12. Kadetski festival ŠS Srbije - Z 16"]
[Site "Hotel Novi Sad - Novi Sad"]
[Date "2018.04.05"]
[Round "5.2"]
[White "Srdanovic, Jovana"]
[Black "Milanovic, Nikolina"]
[Result "1-0"]
[WhiteElo "2024"]
[BlackElo "1469"]
[PlyCount "93"]
[EventDate "2018.04.02"]

1. d4 Nf6 2. Bg5 Ne4 3. Bf4 d5 4. e3 Bf5 5. c3 Nd7 6. Bd3 e6 7. Qe2 Be7 8. h3
Bg6 9. Bxe4 Bxe4 10. Nf3 c5 11. Nbd2 Bg6 12. Ne5 Nxe5 13. Bxe5 f6 14. Bg3 c4
15. e4 O-O 16. O-O b5 17. f4 Qd7 18. h4 dxe4 19. Nxe4 Qd5 20. Rfe1 Bh5 21. Qe3
Bg4 22. Nf2 Bf5 23. Bh2 h5 24. Qe2 Bg4 25. Nxg4 hxg4 26. Qxg4 f5 27. Qg3 Rf6
28. Re5 Qd7 29. Qf3 Rb8 30. Rae1 b4 31. Bg3 Rh6 32. Bf2 bxc3 33. bxc3 Kf7 34.
d5 exd5 35. Rxe7+ Qxe7 36. Rxe7+ Kxe7 37. Qxd5 Rb1+ 38. Kh2 Rb2 39. Bc5+ Kf6
40. Qd8+ Kf7 41. Qf8+ Kg6 42. Qe7 Rxa2 43. Bd4 Rh7 44. Qg5+ Kf7 45. Qxf5+ Kg8
46. Qc8+ Kf7 47. Qxc4+ 1-0

[Event "12. Kadetski festival ŠS Srbije - Z 16"]
[Site "Hotel Novi Sad - Novi Sad"]
[Date "2018.04.05"]
[Round "5.3"]
[White "Jujic, Petra"]
[Black "Stevanovic, Jelena"]
[Result "1-0"]
[WhiteElo "1588"]
[BlackElo "1610"]
[PlyCount "109"]
[EventDate "2018.04.02"]

1. e4 e5 2. Nf3 Nc6 3. Bb5 a6 4. Ba4 b5 5. Bb3 h6 6. O-O Nf6 7. d3 d6 8. h3 Be6
9. c3 Be7 10. Be3 Na5 11. Bxe6 fxe6 12. a4 c5 13. axb5 axb5 14. Nbd2 Nd7 15. d4
exd4 16. cxd4 c4 17. Nh2 O-O 18. Qg4 Rf6 19. e5 h5 20. Qxh5 Rf5 21. Qg6 Nf8 22.
Qg4 dxe5 23. dxe5 Rxe5 24. Nhf3 Rf5 25. Ne4 Nh7 26. Nd4 Qd5 27. Rfd1 Nf6 28.
Nxf6+ Rxf6 29. Nb3 Qb7 30. Rxa5 cxb3 31. Rxa8+ Qxa8 32. Bd4 Rf7 33. Qxe6 Qd8
34. Qxb3 Bh4 35. Be3 Qf6 36. Bc5 Bxf2+ 37. Bxf2 Qxf2+ 38. Kh1 Qh4 39. Qd5 Qb4
40. Rf1 Qf8 41. Rxf7 Qxf7 42. Qxf7+ Kxf7 43. Kg1 Ke6 44. Kf2 Kd5 45. Ke3 Kc4
46. Kd2 Kb3 47. Kc1 Kc4 48. Kc2 g5 49. g3 b4 50. h4 b3+ 51. Kd2 Kd4 52. hxg5
Ke5 53. g6 Kf6 54. g7 Kxg7 55. Kc3 1-0

[Event "12. Kadetski festival ŠS Srbije - Z 16"]
[Site "Hotel Novi Sad - Novi Sad"]
[Date "2018.04.05"]
[Round "5.4"]
[White "Sakotic, Ana"]
[Black "Ljubicic, Andjela"]
[Result "1-0"]
[WhiteElo "1678"]
[BlackElo "1568"]
[PlyCount "41"]
[EventDate "2018.04.02"]

1. e4 e5 2. Nf3 Nc6 3. Bc4 Bc5 4. c3 Nf6 5. d3 O-O 6. O-O d5 7. exd5 Nxd5 8.
Re1 Bg4 9. h3 Bxf3 10. Qxf3 Nde7 11. Bg5 Qd6 12. Nd2 Qd7 13. Bb5 f6 14. Bh4 a6
15. Bc4+ Kh8 16. Bb3 b5 17. Bc2 a5 18. d4 exd4 19. Qh5 h6 20. Qxc5 d3 21. Bd1
1-0